QCM - Qui est le personnage principal de ce film ? III - Statistiques

Statistiques générales
  • Ce quiz a été pris 278 fois
  • Le résultat moyen est 6 sur 10
Statistiques - réponses
Question Réponse % Correct
La vie d'Adèle Adèle
86%
Mary Poppins Mary Poppins
86%
Les vacances de Monsieur Hulot Monsieur Hulot
86%
50 shades of Grey Anastasia Steele
71%
Il faut sauver le soldat Ryan Capitaine John H Miller
57%
Didier Didier le Labrador
57%
Édouard au mains d'argent Edouard
57%
La Reine Margot Marguerite de Valois
57%
George de la jungle George Primate
43%
Léon Mathilda Lando
29%
Aucun quiz correspondant
Distribution des résultats
% des personnes avec chaque résultat
Percentile par nombre de réponses
Votre historique - résultats
Vous n’avez pas pris ce quiz